[Event "Titled Tue 24th Jun Late"]
[Site "chess.com INT"]
[Date "2025.06.24"]
[Round "3"]
[White "Jarmula, Lukasz"]
[Black "Ozen, Batuhan"]
[Result "1-0"]
[WhiteTitle "GM"]
[BlackTitle "CM"]
[WhiteElo "2440"]
[BlackElo "2128"]
[WhiteFideId "1160664"]
[BlackFideId "6345123"]
[EventDate "2025.06.24"]

1. Nf3 c5 2. g3 g6 3. Bg2 Bg7 4. O-O Nc6 5. c4 Nf6 6. Nc3 O-O 7. d4 cxd4 8. Nxd4
d6 9. Nc2 Be6 10. b3 Bf5 11. e4 Bg4 12. f3 Be6 13. Rb1 a5 14. Be3 Ng4 15. Bd2
Nge5 16. Kh1 Nd3 17. Qe2 Ncb4 18. Ne3 Nc5 19. f4 Nc6 20. f5 Bd7 21. Ncd5 Ne5 22.
f6 exf6 23. Bc3 Bc6 24. Ng4 Nxg4 25. Qxg4 Bxd5 26. exd5 f5 27. Qf3 Re8 28. Bxg7
Kxg7 29. g4 Re5 30. gxf5 Rxf5 31. Qc3+ Re5 32. a3 Qg5 33. b4 axb4 34. axb4 Ra2
35. Qf3 Rf5 36. Qc3+ Re5 37. Rg1 Nd7 38. c5 Qd2 39. Qxd2 Rxd2 40. c6 bxc6 41.
dxc6 Nb6 42. c7 Rc2 43. Rgc1 Ree2 44. Bb7 Rxh2+ 45. Kg1 h5 46. b5 Rxc1+ 47. Rxc1
Rb2 48. Rc6 Rb1+ 49. Kg2 Rb2+ 50. Kh3 Rb3+ 51. Kg2 Rb2+ 52. Kf3 Rb3+ 53. Ke2
Rb2+ 54. Kd3 Nc8 55. Bxc8 Rxb5 56. Bd7 1-0

[Event "Titled Tue 24th Jun Late"]
[Site "chess.com INT"]
[Date "2025.06.24"]
[Round "3"]
[White "Schmider, Niklas"]
[Black "Kelley, Deshawn"]
[Result "1-0"]
[WhiteTitle "IM"]
[WhiteElo "2421"]
[BlackElo "2014"]
[WhiteFideId "12993778"]
[BlackFideId "30911940"]
[EventDate "2025.06.24"]

1. e4 e5 2. Nf3 d6 3. d4 exd4 4. Nxd4 Nf6 5. Nc3 Nbd7 6. Bf4 g6 7. Qd2 h6 8.
O-O-O Bg7 9. h4 a6 10. f3 Nc5 11. g4 Ne6 12. Be3 Nxd4 13. Bxd4 Be6 14. Be2 Qd7
15. g5 Nh5 16. Bxg7 Nxg7 17. gxh6 Nh5 18. f4 Ng3 19. Rhg1 Nxe2+ 20. Nxe2 Qa4 21.
Nc3 Qa5 22. Rg5 Qb4 23. f5 O-O-O 24. fxe6 fxe6 25. Rxg6 d5 26. exd5 exd5 27.
Nxd5 Qxh4 28. Rg7 c6 29. Ne7+ Kb8 30. Qxd8+ Rxd8 31. Rxd8+ Ka7 32. Nc8+ Kb8 33.
Ne7+ Ka7 34. Kd1 Qxh6 35. Nc8+ Kb8 36. Rgd7 Qh5+ 37. Kd2 Qg5+ 38. Kc3 Qc5+ 39.
Kd3 Qf5+ 40. Kd4 c5+ 41. Kc3 Qe5+ 42. Kb3 Qe3+ 43. c3 Qe6+ 44. Ka3 Qxd7 45. Rxd7
Kxc8 46. Rf7 b5 47. Kb3 Kb8 48. Kc2 Kc8 49. Rh7 Kd8 50. b4 cxb4 51. cxb4 1-0

[Event "Titled Tue 24th Jun Late"]
[Site "chess.com INT"]
[Date "2025.06.24"]
[Round "3"]
[White "Sokolovsky, Yahli"]
[Black "Esipenko, Andrey"]
[Result "0-1"]
[WhiteTitle "GM"]
[BlackTitle "GM"]
[WhiteElo "2542"]
[BlackElo "2689"]
[WhiteFideId "2820242"]
[BlackFideId "24175439"]
[EventDate "2025.06.24"]

1. b3 Nf6 2. Bb2 e6 3. c4 d5 4. Nf3 Be7 5. g3 O-O 6. Bg2 c5 7. O-O Nc6 8. d3 d4
9. e3 e5 10. exd4 exd4 11. h3 h6 12. a3 Bf5 13. Re1 Qd7 14. g4 Bh7 15. Qc2 Bd6
16. Nbd2 b6 17. b4 Rac8 18. b5 Ne7 19. Nf1 Ng6 20. Bc1 Qc7 21. Bd2 Bf4 22. Ng3
Bxg3 23. fxg3 Qxg3 24. Re2 Rfe8 25. Rae1 Rxe2 26. Rxe2 Nf4 27. Bxf4 Qxf4 28. Qd2
Qxd2 29. Nxd2 Rc7 30. Ne4 Bxe4 31. Bxe4 Nxe4 32. Rxe4 Kf8 33. Kf2 Re7 34. Kf3 g5
35. a4 f6 36. Re2 Rxe2 37. Kxe2 Ke7 38. Kf3 Kd6 39. Ke4 Ke6 40. Kf3 f5 41. Kg3
Kf6 42. Kf3 Kg6 43. Kg3 h5 44. Kf3 fxg4+ 45. hxg4 h4 46. Kg2 Kf6 47. Kf2 Ke5 48.
Kf3 h3 49. Kg3 h2 50. Kxh2 Kf4 51. Kh3 Kf3 52. a5 bxa5 53. Kh2 Kxg4 54. Kg2 Kf4
55. Kf2 a4 0-1

[Event "Titled Tue 24th Jun Late"]
[Site "chess.com INT"]
[Date "2025.06.24"]
[Round "3"]
[White "Levano Loayza, Adriano Jaffet"]
[Black "Eswaran, Ashritha"]
[Result "0-1"]
[WhiteTitle "CM"]
[BlackTitle "FM"]
[WhiteElo "2023"]
[BlackElo "2236"]
[WhiteFideId "3865584"]
[BlackFideId "2080788"]
[EventDate "2025.06.24"]

1. d4 d5 2. c4 e5 3. dxe5 d4 4. Nf3 Nc6 5. g3 Nge7 6. Bg2 Ng6 7. O-O Ngxe5 8.
Nxe5 Nxe5 9. b3 c5 10. Bb2 Bg4 11. h3 Bh5 12. g4 Bg6 13. f4 Bxb1 14. Qxb1 Nc6
15. Bxc6+ bxc6 16. Qe4+ Kd7 17. e3 Qe7 18. Qxe7+ Bxe7 19. exd4 Rhe8 20. Rad1 Kc7
21. Rfe1 Bh4 22. Rxe8 Rxe8 23. dxc5 f6 24. Rd2 Re3 25. Kg2 Rg3+ 26. Kh2 Rf3 27.
f5 g6 28. fxg6 hxg6 29. Re2 f5 30. Be5+ Kb7 31. gxf5 gxf5 32. Rg2 Re3 33. Bd6
Ka6 34. b4 Rc3 35. a4 Rxc4 36. Rb2 f4 37. b5+ Kb7 38. bxc6+ Kxc6 39. a5 Re4 40.
a6 Ra4 41. Rd2 Bg3+ 42. Kg2 Rxa6 43. Kf3 Ra3+ 44. Kg4 a5 45. h4 Ra1 46. h5 Rh1
47. Ra2 Rh4+ 48. Kg5 Kb5 49. h6 Rh1 50. Kg6 a4 51. h7 Be1 52. Kg7 Bc3+ 53. Kg8
f3 54. Bg3 Rg1 55. Kf7 Rxg3 56. Rc2 Bh8 57. c6 f2 58. c7 f1=Q+ 0-1

[Event "Titled Tue 24th Jun Late"]
[Site "chess.com INT"]
[Date "2025.06.24"]
[Round "3"]
[White "Bonin, Jay"]
[Black "Van Baar, Esper"]
[Result "1/2-1/2"]
[WhiteTitle "IM"]
[BlackTitle "FM"]
[WhiteElo "2102"]
[BlackElo "2232"]
[WhiteFideId "2000644"]
[BlackFideId "1049321"]
[EventDate "2025.06.24"]

1. d4 Nf6 2. c3 g6 3. Bg5 Bg7 4. Nd2 d6 5. Bxf6 Bxf6 6. Ngf3 O-O 7. e4 c5 8.
dxc5 dxc5 9. a4 b6 10. Qc2 Bb7 11. Bc4 Nc6 12. h4 h5 13. e5 Nxe5 14. Nxe5 Bxe5
15. Qxg6+ Bg7 16. Qxh5 Qd7 17. Rh3 Rad8 18. Rd1 Qxa4 19. Rg3 Qc6 20. Qg5 Qf6 21.
Qxf6 exf6 22. f3 Rfe8+ 23. Ne4 Rxd1+ 24. Kxd1 Bxe4 25. fxe4 Rxe4 26. Bb3 Rxh4
27. Rd3 c4 28. Rd8+ Kh7 29. Ba4 Rh2 30. Bc6 Rh1+ 31. Kc2 Bh6 32. b4 Rc1+ 33. Kb2
Rf1 34. Rd7 Rf2+ 35. Kb1 Rf1+ 36. Kc2 Rf2+ 37. Kd1 Kg6 38. Rxa7 Bd2 39. Ra2 Be3
40. Rxf2 Bxf2 41. Bb5 Kf5 42. Bxc4 Ke5 43. Bxf7 f5 44. Kc2 Be3 45. Kb3 Kd6 46.
Kc4 Kc6 47. Bd5+ Kd6 48. Bf3 Ke5 49. Kb5 Kd6 50. c4 Bf2 51. Ka4 Be3 52. Kb5 Bf2
53. Ka4 Be3 54. Kb5 1/2-1/2

[Event "Titled Tue 24th Jun Late"]
[Site "chess.com INT"]
[Date "2025.06.24"]
[Round "3"]
[White "Yevchenko, Oleksandr"]
[Black "Mayaud, Raphael"]
[Result "1/2-1/2"]
[WhiteTitle "CM"]
[BlackTitle "CM"]
[WhiteElo "2276"]
[BlackElo "2126"]
[WhiteFideId "14108267"]
[BlackFideId "627151"]
[EventDate "2025.06.24"]

1. c4 c6 2. e4 d5 3. exd5 cxd5 4. cxd5 Nf6 5. Qa4+ Nbd7 6. Nc3 g6 7. Bc4 Bg7 8.
d3 O-O 9. Nf3 a6 10. Qa3 b5 11. Bxb5 Bb7 12. Bc6 Qc7 13. O-O Bxc6 14. dxc6 Qxc6
15. Qxe7 Rfe8 16. Qa3 Nc5 17. d4 Ne6 18. Be3 Rad8 19. Rad1 Nd5 20. Rfe1 Qb7 21.
Na4 Qb4 22. Qxb4 Nxb4 23. Rd2 Nxa2 24. d5 Nf8 25. d6 Nb4 26. Bb6 Rxe1+ 27. Nxe1
Re8 28. Kf1 Nd7 29. Be3 Nc6 30. Nd3 f5 31. Ndc5 Ncb8 32. g3 Kf7 33. Nxd7 Nxd7
34. Nc5 Nxc5 35. Bxc5 Rd8 36. b4 Rd7 37. Ra2 Be5 38. f4 Bxd6 39. Rxa6 Bxc5 40.
bxc5 Rc7 41. Ra5 Ke6 42. Ke2 Kd5 43. Kd3 Rxc5 44. Ra7 h5 45. Ra6 Rc6 46. Ra5+
Kd6 47. Ke3 Ke6 48. Kf3 Kf6 49. Rb5 Kg7 50. Rb3 Kf6 51. Ra3 Rb6 52. h4 Rc6 53.
Rb3 Rd6 54. Rc3 Rb6 55. Ra3 Rd6 56. Rb3 Rc6 57. Ra3 Rd6 58. Rb3 Rc6 59. Ra3 Rd6 1/2-1/2

[Event "Titled Tue 24th Jun Late"]
[Site "chess.com INT"]
[Date "2025.06.24"]
[Round "3"]
[White "Puzyrevsky, Semyon"]
[Black "Pakleza, Zbigniew"]
[Result "0-1"]
[WhiteTitle "FM"]
[BlackTitle "GM"]
[WhiteElo "2292"]
[BlackElo "2484"]
[WhiteFideId "24240931"]
[BlackFideId "1119290"]
[EventDate "2025.06.24"]

1. e4 d6 2. d4 Nf6 3. Bd3 e5 4. c3 d5 5. dxe5 dxe4 6. Bb5+ c6 7. Qxd8+ Kxd8 8.
Bc4 Ng4 9. f4 Bc5 10. Nh3 f6 11. exf6 gxf6 12. Nd2 Ne3 13. Nxe4 Nxg2+ 14. Ke2
Re8 15. Nf2 f5 16. Rd1+ Kc7 17. Kf1 fxe4 18. Kxg2 b5 19. Bb3 e3 20. Nd3 Bb6 21.
Ne5 Nd7 22. Nxd7 Bxd7 23. Kf3 h5 24. Re1 Bg4+ 25. Kg3 Rad8 26. h3 Bf5 27. Bf7
h4+ 28. Kf3 Re7 29. Bb3 Be4+ 30. Ke2 Bg2 31. f5 Bxh3 32. f6 Bg4+ 33. Kf1 Rf8 34.
f7 h3 35. Kg1 Rexf7 36. Bxf7 Rxf7 37. Bxe3 Bf3 38. Bxb6+ Kxb6 39. Kh2 Bg2 40.
Re2 a5 41. Rae1 a4 42. Re7 Rf2 43. R1e2 Rf1 44. Rxg2 hxg2 45. Kxg2 Ra1 46. a3
Ra2 47. Re2 Kc5 48. Kf3 Kc4 49. Re4+ Kb3 50. Rb4+ Kc2 51. c4 Rxb2 52. cxb5 Rxb4
53. axb4 cxb5 0-1

[Event "Titled Tue 24th Jun Late"]
[Site "chess.com INT"]
[Date "2025.06.24"]
[Round "3"]
[White "Tristan, Leonardo"]
[Black "Raptis, Nick"]
[Result "0-1"]
[WhiteTitle "GM"]
[BlackTitle "FM"]
[WhiteElo "2536"]
[BlackElo "2220"]
[WhiteFideId "113816"]
[BlackFideId "2016850"]
[EventDate "2025.06.24"]

1. d4 Nf6 2. Nf3 g6 3. Bf4 Bg7 4. e3 O-O 5. Be2 d6 6. O-O Nc6 7. c3 Bf5 8. h3
Ne4 9. Nbd2 Nxd2 10. Qxd2 e5 11. Bh2 Qe7 12. Qd1 a6 13. a4 h6 14. Re1 g5 15. Nd2
Bd7 16. Qb3 Rab8 17. Bg4 Kh8 18. Bxd7 Qxd7 19. Qd5 f5 20. dxe5 Nxe5 21. Bxe5
Bxe5 22. Nf3 Qf7 23. Qxf7 Rxf7 24. Nxe5 dxe5 25. Red1 Kg7 26. a5 Kf6 27. Rd5 Re8
28. Rad1 Re6 29. g4 b6 30. Kg2 Kg6 31. axb6 Rxb6 32. R1d2 Re7 33. Rc5 h5 34. Kg3
hxg4 35. hxg4 f4+ 36. Kf3 e4+ 37. Kg2 Kh6 38. b4 Rf6 39. Rdd5 fxe3 40. fxe3 Rf3
41. Rxg5 Rxe3 42. Rh5+ Kg7 43. Rcg5+ Kf6 44. Rf5+ Kg6 45. Rhg5+ Kh6 46. Rg8 Kh7
47. Ra8 Rxc3 48. Rxa6 Rc2+ 49. Kg3 Rc3+ 50. Kf4 e3 51. Kg5 Rg7+ 52. Kh5 e2 53.
Re6 Rh3# 0-1

[Event "Titled Tue 24th Jun Late"]
[Site "chess.com INT"]
[Date "2025.06.24"]
[Round "3"]
[White "Fadi, Marko"]
[Black "Vazelakis, Dimitrios"]
[Result "0-1"]
[WhiteTitle "FM"]
[WhiteElo "2298"]
[BlackElo "1857"]
[WhiteFideId "10605371"]
[BlackFideId "4203674"]
[EventDate "2025.06.24"]

1. e4 Nf6 2. Nc3 d5 3. exd5 Nxd5 4. Bc4 c6 5. Nf3 Bg4 6. O-O e6 7. h3 Bh5 8. Ne4
Be7 9. Ng3 Bg6 10. d4 O-O 11. Ne5 Nd7 12. Nxg6 hxg6 13. c3 N7f6 14. Bd3 c5 15.
dxc5 Bxc5 16. Qf3 Qc7 17. Bg5 Be7 18. Rfe1 Rad8 19. Rad1 Qa5 20. Bb1 Rfe8 21. h4
Qb6 22. c4 Nb4 23. b3 Nc6 24. Be3 Bc5 25. Bxc5 Qxc5 26. Ne4 Nxe4 27. Qxe4 Qh5
28. g3 Rxd1 29. Kg2 Rxe1 30. Qxe1 Rd8 31. Be4 Qh6 32. b4 Qd2 33. Qb1 Qxb4 34.
Qc2 Qc5 35. h5 f5 36. Bd3 gxh5 37. Qe2 Qd6 38. Bb1 Ne5 39. Qxh5 Qc6+ 40. Kf1
Qxc4+ 41. Kg2 Qd5+ 42. Kh2 Ng4+ 43. Kh3 Nxf2+ 44. Kh4 Qd4+ 45. Kg5 Qe3+ 46. Kg6
Kf8 47. Qh8+ Ke7 48. Qxg7+ Kd6 49. Bxf5 Qxg3+ 50. Bg4 Qxg4+ 51. Kf7 Qxg7+ 52.
Kxg7 e5 53. a3 e4 54. a4 e3 55. a5 e2 56. Kf6 Ne4+ 57. Kf5 Nc3 58. Kf4 e1=Q 59.
Kf3 Rf8+ 60. Kg4 Qg1+ 61. Kh3 Rh8# 0-1

[Event "Titled Tue 24th Jun Late"]
[Site "chess.com INT"]
[Date "2025.06.24"]
[Round "3"]
[White "Richter, Paul"]
[Black "Hernandez Leon, Sergio"]
[Result "1-0"]
[BlackTitle "CM"]
[WhiteElo "2171"]
[BlackElo "2102"]
[WhiteFideId "2046350"]
[BlackFideId "2285622"]
[EventDate "2025.06.24"]

1. e4 c5 2. Nf3 Nf6 3. d3 d5 4. Nbd2 Bg4 5. h3 Bxf3 6. Qxf3 e6 7. g3 Nc6 8. Bg2
dxe4 9. Nxe4 Be7 10. O-O O-O 11. c3 Rc8 12. Rd1 b6 13. Bf4 Qd7 14. h4 Nd5 15.
Bg5 h6 16. Bd2 f5 17. Bxh6 Ne5 18. Qh5 gxh6 19. Qxh6 Bd8 20. Ng5 Bxg5 21. hxg5
Ne7 22. d4 Nf7 23. Qh5 c4 24. g6 Nxg6 25. Qxg6+ Kh8 26. Bf3 Rg8 27. Qf6+ Rg7 28.
Kg2 Kg8 29. Rh1 Ng5 30. Rae1 Nxf3 31. Kxf3 Qd5+ 32. Ke2 Rf8 33. Qe5 Qxe5+ 34.
dxe5 Rd7 35. Rd1 Rfd8 36. Rxd7 Rxd7 37. Rd1 Rc7 38. Rd6 Kf7 39. Ke3 Ke7 40. Kd4
Rc5 41. a4 Rc8 42. f4 Rc5 43. Ke3 Ra5 44. Rd4 Rxa4 45. Kd2 b5 46. Kc2 Ra1 47.
Rd1 Rxd1 48. Kxd1 a5 49. Kd2 b4 50. Ke3 b3 51. Kd4 a4 52. Kxc4 a3 53. Kxb3 axb2
54. Kxb2 Kd7 55. Kb3 Kc6 56. Kc4 Kb6 57. Kb4 Kc6 58. c4 Kb6 59. c5+ Kc6 60. Kc4 1-0

[Event "Titled Tue 24th Jun Late"]
[Site "chess.com INT"]
[Date "2025.06.24"]
[Round "3"]
[White "Vila Dupla, Aurelio"]
[Black "Achuthan, Aryan"]
[Result "1-0"]
[WhiteTitle "FM"]
[WhiteElo "2056"]
[BlackElo "2087"]
[WhiteFideId "2203383"]
[BlackFideId "30982294"]
[EventDate "2025.06.24"]

1. Nf3 d5 2. d4 Nf6 3. c4 c6 4. cxd5 cxd5 5. Nc3 Nc6 6. Bf4 Bg4 7. e3 Bxf3 8.
Qxf3 e6 9. Bg5 Be7 10. Bd3 h6 11. Bxf6 Bxf6 12. O-O O-O 13. Rfc1 a6 14. Na4 Na5
15. b3 Be7 16. Qg3 Rc8 17. Nc5 Bxc5 18. dxc5 Nc6 19. a3 a5 20. Rab1 b6 21. b4
axb4 22. axb4 bxc5 23. Rxc5 Ne7 24. Rbc1 Rxc5 25. Rxc5 Qb6 26. Qc7 Qxc7 27. Rxc7
Nc8 28. Ba6 Nd6 29. Rc6 Rd8 30. b5 Nc4 31. b6 Nxb6 32. Rxb6 d4 33. exd4 Rxd4 34.
g3 g6 35. Bf1 h5 36. Kg2 Kg7 37. h4 Kf6 38. Be2 Rd7 39. Bf3 Rc7 40. Be2 Rc5 41.
Bb5 Rc7 42. Ba6 Kg7 43. Rb7 Rc6 44. Bb5 Rc8 45. Bd7 Rf8 46. Bxe6 Kf6 47. Bc4 Kg7
48. Kf3 Kf6 49. Kf4 Kg7 50. Kg5 Kh7 51. Kf6 Kh6 52. Rxf7 Rc8 53. Be6 Rc2 54. f4
Rc3 55. Rf8 Kh7 56. Bg8+ Kh6 57. Bf7 Rc6+ 58. Be6 Rc3 59. Rh8# 1-0

[Event "Titled Tue 24th Jun Late"]
[Site "chess.com INT"]
[Date "2025.06.24"]
[Round "3"]
[White "Donoso Aguirre, Maximiliano"]
[Black "Da Silva Borges, Rodrigo"]
[Result "1/2-1/2"]
[WhiteTitle "CM"]
[WhiteElo "2050"]
[BlackElo "2169"]
[WhiteFideId "3458920"]
[BlackFideId "2115778"]
[EventDate "2025.06.24"]

1. e4 c6 2. Nc3 d5 3. Nf3 dxe4 4. Nxe4 Nf6 5. Qe2 Nxe4 6. Qxe4 Qd5 7. Qh4 Qf5 8.
d3 Qg4 9. Qxg4 Bxg4 10. Be2 Nd7 11. Be3 e6 12. h3 Bh5 13. a3 Bc5 14. Kd2 O-O-O
15. Bxc5 Nxc5 16. Ne5 Bg6 17. Bf3 Nd7 18. Nxg6 hxg6 19. Rhe1 Nf6 20. Rad1 Kc7
21. Re5 Rd7 22. Rde1 Rhd8 23. Kc3 Rd6 24. g3 Nd7 25. R5e4 Nc5 26. Rf4 f6 27. Re3
g5 28. Rc4 Nd7 29. Rce4 Nc5 30. Rc4 Nd7 31. Bg2 e5 32. Re1 f5 33. a4 Nb6 34. Rb4
a5 35. Rb3 Nxa4+ 36. Kd2 Nc5 37. Ra3 e4 38. Rxa5 Kb6 39. Ra3 exd3 40. cxd3 Nxd3
41. Rb3+ Kc7 42. Re7+ Kc8 43. Kc2 Nc5 44. Rc3 Rd2+ 45. Kb1 Rxf2 46. Bxc6 bxc6
47. Rxc5 Rdd2 48. Rxc6+ Kd8 49. Rxg7 Rxb2+ 50. Kc1 Rbe2 51. Rd6+ Ke8 52. Rgd7
Re1+ 53. Rd1 Rxd1+ 54. Rxd1 Rf3 55. Rg1 Kf7 56. Kd2 g4 57. Ke2 Kf6 58. hxg4 fxg4
59. Rf1 Rxf1 60. Kxf1 Kf5 61. Kf2 Ke4 62. Ke2 Kd4 63. Kd2 Ke4 64. Ke2 Kd4 65.
Kd2 Ke4 66. Ke2 1/2-1/2

[Event "Titled Tue 24th Jun Late"]
[Site "chess.com INT"]
[Date "2025.06.24"]
[Round "3"]
[White "Ferrara, Enzo"]
[Black "Vlassis, Georgios"]
[Result "1-0"]
[BlackTitle "FM"]
[WhiteElo "2138"]
[BlackElo "2005"]
[WhiteFideId "137731"]
[BlackFideId "4203399"]
[EventDate "2025.06.24"]

1. d4 d5 2. Nf3 e6 3. g3 c5 4. c4 Nc6 5. cxd5 Qxd5 6. Nc3 Qd8 7. Be3 cxd4 8.
Nxd4 Nxd4 9. Bxd4 Nf6 10. Bg2 Be7 11. Qa4+ Bd7 12. Qb3 Bc6 13. Bxc6+ bxc6 14.
Rd1 Qa5 15. Qc4 c5 16. O-O O-O 17. Be5 Qb4 18. Qa6 Qb6 19. Qa3 Qb4 20. Qa6 Qb6
21. Qd3 Rfd8 22. Qf3 Rxd1 23. Rxd1 Rc8 24. b3 Qa5 25. Na4 c4 26. Bc3 Qc7 27.
Bxf6 Bxf6 28. Rc1 c3 29. Qd3 Qc6 30. e4 g6 31. f4 h5 32. e5 Be7 33. Rxc3 Qb7 34.
Rxc8+ Qxc8 35. Qc4 Qd7 36. Kf2 Qd2+ 37. Qe2 Qd4+ 38. Qe3 Qd5 39. Qxa7 Qd2+ 40.
Kf3 Qd1+ 41. Kg2 Qe2+ 42. Qf2 Qe4+ 43. Qf3 Qc2+ 44. Qf2 Qe4+ 45. Kg1 Qb1+ 46.
Qf1 Qe4 47. h3 h4 48. Qg2 Qe3+ 49. Kh2 hxg3+ 50. Qxg3 Qe2+ 51. Qg2 Qe3 52. Qg3
Qe2+ 53. Kg1 Qd1+ 54. Kg2 Qe2+ 55. Qf2 Qe4+ 56. Kg3 1-0

[Event "Titled Tue 24th Jun Late"]
[Site "chess.com INT"]
[Date "2025.06.24"]
[Round "3"]
[White "Moroni, Luca Jr"]
[Black "Manukyan, Sargis A."]
[Result "1-0"]
[WhiteTitle "GM"]
[BlackTitle "FM"]
[WhiteElo "2549"]
[BlackElo "2294"]
[WhiteFideId "865834"]
[BlackFideId "13303970"]
[EventDate "2025.06.24"]

1. d4 d5 2. Bf4 Nf6 3. e3 e6 4. Nf3 Bd6 5. Nbd2 O-O 6. Bd3 c5 7. dxc5 Bxc5 8.
O-O Nc6 9. e4 dxe4 10. Nxe4 Be7 11. Nxf6+ Bxf6 12. c3 e5 13. Bg3 Bg4 14. Be4 Qb6
15. Qc2 h6 16. Bxc6 Qxc6 17. Nxe5 Bxe5 18. Bxe5 Rfe8 19. Rfe1 Rad8 20. f3 Bh5
21. Qf2 a6 22. Bd4 f6 23. b3 Bf7 24. Qg3 Rxe1+ 25. Rxe1 Re8 26. h3 Rxe1+ 27.
Qxe1 b5 28. Qe7 Qe6 29. Qxe6 Bxe6 30. Kf2 Kf7 31. Ke3 Ke7 32. Bc5+ Kf7 33. Kd4
Bf5 34. c4 bxc4 35. Kxc4 Ke6 36. Bf8 Kf7 37. Bc5 Ke6 38. a4 Bc2 39. h4 h5 40.
Bf2 g5 41. Kc3 Bd1 42. Kb2 Kd5 43. Ka3 Be2 44. Kb4 Bf1 45. g3 Be2 46. Ka5 Kc6
47. hxg5 fxg5 48. f4 gxf4 49. gxf4 Bd3 50. b4 Kd5 51. b5 axb5 52. axb5 Bxb5 53.
Kxb5 Ke4 54. Bg3 Kf3 55. Bh2 Kg2 56. f5 Kxh2 57. f6 h4 58. f7 h3 59. f8=Q Kg1
60. Qg7+ Kh1 61. Qa1+ Kh2 62. Qb2+ Kg1 63. Qc1+ Kg2 64. Qd2+ Kh1 65. Qe1+ Kg2
66. Qe2+ Kh1 67. Qf3+ Kh2 68. Qg4 Kh1 69. Qxh3+ Kg1 70. Qd3 Kf2 71. Kc4 Ke1 72.
Qc2 1-0

[Event "Titled Tue 24th Jun Late"]
[Site "chess.com INT"]
[Date "2025.06.24"]
[Round "3"]
[White "Mecit, Emre"]
[Black "Burovic, Rijad"]
[Result "0-1"]
[BlackTitle "IM"]
[WhiteElo "2007"]
[BlackElo "2420"]
[WhiteFideId "6304214"]
[BlackFideId "14407701"]
[EventDate "2025.06.24"]

1. e4 e6 2. d4 d5 3. Nc3 Bb4 4. e5 Ne7 5. a3 Bxc3+ 6. bxc3 b6 7. a4 Ba6 8. Bxa6
Nxa6 9. Ne2 Rc8 10. h4 c5 11. h5 h6 12. a5 b5 13. O-O cxd4 14. cxd4 Rc4 15. c3
O-O 16. Qd3 b4 17. cxb4 Nxb4 18. Qb3 Nc2 19. Ra2 Qb8 20. Qxb8 Rxb8 21. Ba3 Nf5
22. Bc5 a6 23. Rd1 Rb3 24. g4 Nh4 25. Rc1 Nb4 26. Rxc4 Nxa2 27. Rc2 Nb4 28. Bxb4
Rxb4 29. Rc6 Nf3+ 30. Kg2 Nxd4 31. Nxd4 Rxd4 32. Rxa6 Rxg4+ 33. Kf3 Re4 34. Rb6
Ra4 35. a6 Kh7 36. Ke3 g6 37. Rb7 gxh5 38. a7 Kg6 39. f4 h4 40. Kf3 h5 41. Kg2
Ra3 42. Kh2 h3 43. Rc7 h4 44. Rb7 d4 45. Rd7 Kf5 46. Rxf7+ Ke4 47. Rd7 d3 48.
Kxh3 Kxf4 49. Kxh4 Kxe5 50. Kg3 Ke4 51. Kf2 Ra2+ 52. Kf1 e5 53. Re7 Kd4 54. Rd7+
Ke3 55. Re7 e4 56. Rb7 Ra1+ 57. Kg2 Ke2 58. Rb2+ d2 59. Rb4 e3 60. Rb1 Rxa7 61.
Rb6 d1=Q 0-1

[Event "Titled Tue 24th Jun Late"]
[Site "chess.com INT"]
[Date "2025.06.24"]
[Round "3"]
[White "Barwinska, Ewa"]
[Black "Shafer, Logan C"]
[Result "1-0"]
[WhiteTitle "WFM"]
[BlackTitle "CM"]
[WhiteElo "2014"]
[BlackElo "2217"]
[WhiteFideId "21833761"]
[BlackFideId "30993342"]
[EventDate "2025.06.24"]

1. d4 Nf6 2. c4 g6 3. Nc3 Bg7 4. e4 d6 5. f4 O-O 6. Nf3 c5 7. d5 e6 8. Be2 exd5
9. cxd5 Re8 10. Qc2 a6 11. a4 Nbd7 12. O-O Rb8 13. Bd2 Qe7 14. Bd3 c4 15. Bxc4
Nxe4 16. Rae1 f5 17. Ng5 Ndf6 18. Bd3 b5 19. Ngxe4 fxe4 20. Nxe4 Nxe4 21. Rxe4
Qd8 22. Rxe8+ Qxe8 23. Re1 Bd4+ 24. Kh1 Qf7 25. Qc6 Bd7 26. Qxd6 Re8 27. Rxe8+
Qxe8 28. axb5 axb5 29. b4 Be3 30. Bc3 Qf7 31. Qe5 Kf8 32. Qxe3 Qxd5 33. Qc5+
Qxc5 34. bxc5 Ke7 35. Bb4 Ke6 36. Be4 Bc8 37. c6 Ba6 38. g4 Bc8 39. Kg2 Ba6 40.
Kf3 Bc8 41. f5+ Ke5 42. fxg6 hxg6 43. Bxg6 Kd5 44. Be4+ Kc4 45. Be7 b4 46. g5 b3
47. g6 b2 48. Bf6 Be6 49. Bxb2 Kc5 50. g7 Kd6 51. h4 Ke7 52. h5 Kf7 53. h6 Kg8
54. h7+ Kf7 55. g8=Q+ Ke7 56. Qg7+ Kd6 57. Qe5+ Ke7 58. Bd5 Kf8 59. Qf6+ Ke8 60.
Qxe6+ Kd8 61. Bf6+ Kc7 62. Qd7+ Kb6 63. Qb7+ Kc5 64. c7 Kd6 65. Qc6# 1-0

[Event "Titled Tue 24th Jun Late"]
[Site "chess.com INT"]
[Date "2025.06.24"]
[Round "3"]
[White "Beyer, Lorenz"]
[Black "Sroczynski, Maciej"]
[Result "1-0"]
[WhiteTitle "CM"]
[BlackTitle "FM"]
[WhiteElo "2226"]
[BlackElo "2236"]
[WhiteFideId "16245393"]
[BlackFideId "1121472"]
[EventDate "2025.06.24"]

1. d4 Nf6 2. Bf4 g6 3. Nf3 Bg7 4. h3 d6 5. e3 O-O 6. Be2 b6 7. O-O Bb7 8. a4 a5
9. Na3 Nbd7 10. c3 Re8 11. Nb5 e5 12. Bh2 Ne4 13. Rc1 Rc8 14. Na7 Ra8 15. Nb5 h6
16. Nd2 Nef6 17. Bf3 e4 18. Be2 Nf8 19. c4 Qe7 20. c5 dxc5 21. dxc5 Nd5 22. cxb6
cxb6 23. Nc7 Bxb2 24. Rc2 Bg7 25. Nxe8 Rxe8 26. Bb5 Rd8 27. Qc1 Ne6 28. Nc4 Nb4
29. Rd2 Nd3 30. Qc2 Qc5 31. Rfd1 Rc8 32. Qb1 Bc3 33. Nd6 Bxd2 34. Nxb7 Qe7 35.
Nd6 Rc1 36. Rxc1 Nxc1 37. Qxe4 Nb3 38. Qa8+ Kh7 39. Be5 f6 40. Bg3 Nbc5 41. Nc4
Bc3 42. Qd5 Ng5 43. Qd6 Qxd6 44. Bxd6 Nge4 45. Bxc5 Nxc5 46. Nxb6 Kg7 47. Nd5
Bd2 48. Nc7 Bb4 49. Nd5 Kf7 50. Kf1 Ba3 51. Ke2 Ke6 52. Nf4+ Kf7 53. Nd5 Ne4 54.
f3 Nd6 55. Kd3 Bc5 56. e4 Ke6 57. Nf4+ Kf7 58. Ne2 f5 59. Nc3 1-0

[Event "Titled Tue 24th Jun Late"]
[Site "chess.com INT"]
[Date "2025.06.24"]
[Round "3"]
[White "Jimenez Salas, Maria Teresa"]
[Black "Vlassov, Nikolai"]
[Result "0-1"]
[WhiteTitle "WIM"]
[BlackTitle "IM"]
[WhiteElo "2170"]
[BlackElo "2291"]
[WhiteFideId "3843866"]
[BlackFideId "4103360"]
[EventDate "2025.06.24"]

1. e4 Nc6 2. d4 d5 3. e5 h5 4. c3 Bg4 5. f3 Bf5 6. Be3 Qd7 7. Nd2 O-O-O 8. Nb3
e6 9. Bb5 a6 10. Bd3 Bxd3 11. Qxd3 f6 12. f4 g5 13. Nf3 gxf4 14. Bxf4 fxe5 15.
Nxe5 Nxe5 16. Bxe5 Qh7 17. Qg3 Qe4+ 18. Kf2 h4 19. Qh3 Qc2+ 20. Ke1 Rh6 21. Rf1
Qxb2 22. Rf2 Qa3 23. Kf1 Ne7 24. Kg1 Nf5 25. Re1 Bd6 26. Bxd6 Rxd6 27. Qg4 Kb8
28. Qg8+ Ka7 29. Qc8 Rc6 30. Nc5 Rxc5 31. dxc5 Qxc5 32. Re2 Nd6 33. Qf8 Rg6 34.
Qf3 Ne4 35. Rxe4 dxe4 36. Qxe4 Rf6 37. Qd4 Qxd4 38. cxd4 Rxf2 39. Kxf2 b5 40. g4
hxg3+ 41. Kxg3 a5 42. h4 b4 43. h5 a4 44. h6 b3 45. axb3 axb3 46. h7 b2 47. h8=Q
b1=Q 48. Qe5 Qd3+ 49. Kf4 Qc4 50. Qa5+ Kb7 51. Ke5 Kc6 52. Qa8+ Kd7 53. Qg8 Qd5+
54. Kf6 Qf5+ 55. Kg7 Qg5+ 56. Kf7 Qxg8+ 57. Kxg8 Kd6 58. Kf7 Kd5 59. Kf6 Kxd4
60. Kxe6 c5 61. Kf5 c4 0-1